|
|
|
|
| LEADER |
00900cam a2200253 7i4500 |
| 001 |
0000019132 |
| 005 |
20081118090000.0 |
| 008 |
071204 eng |
| 020 |
|
|
|a 9781842158404
|
| 020 |
|
|
|a 1842158104 (pbk.)
|
| 040 |
|
|
|a OONL
|
| 050 |
0 |
0 |
|a BF1779.F4 HAL 2004
|
| 090 |
0 |
0 |
|a BF1779.F4
|b H35 2004
|
| 100 |
1 |
|
|a Hale, Gill
|
| 245 |
1 |
0 |
|a Feng shui your home, garden, office and life :
|b achieving health, happiness and prosperity though the ancient art of placement
|c Gill Hale.
|
| 260 |
|
|
|a London:
|b Southwater,
|c 2004.
|
| 300 |
|
|
|a 256 p.:
|b col. ill.;
|c 23 cm.
|
| 504 |
|
|
|a Includes bibliographical references and index
|
| 650 |
0 |
0 |
|a Feng shui gardens
|
| 650 |
0 |
0 |
|a Office decoration
|
| 650 |
0 |
0 |
|a Feng shui
|
| 650 |
0 |
0 |
|a Interior decoration
|
| 999 |
|
|
|a 0000028535
|b BOK
|c OPEN SHELF
|e 1st Floor, Bestari Jaya
|
| 999 |
|
|
|a 0000028536
|b BOK
|c OPEN SHELF
|e 1st Floor, Shah Alam
|